000 01475 a2200193 4500
001 32386
005 20260407155622.0
008 260407a1972 arg spa d
003 AR-UNSa-BCEJYS
040 _aAR-UNSa-BCEJYS
_bspa
_cAR-UNSa-BCEJYS
080 _a658
_xAdministración de empresas. Organización comercial
245 1 0 _aAdministración, subdesarrollo y estrangulamiento teconologico
_pintroducción al caso latinoamericano, elementos para una sociología del subdesarrollo tecnológico latinoamericano
264 1 _aBuenos Aires :
_bPaidós
_c1972
300 _a240 p.
_c23 cm.
505 _aI. Diagnostico de la situación : 1. Fenómenos de la dependencia - 2. Fenómenos de irracionalidad y estancamiento - 3. El proceso global - II.Un caso de legitimidad de los trasplantes: el area de personal: 4. Un mercado de trabajo diferenciado - 5. Area de ilegitimidad de los traslados mecánicos - 6. Motivaciones para trabajar, desarrollo y subdesarrollo - 7. Una conclusión de conjunto - III. Administración en paises subdesarrollados: Los problemas especificos de la empresa industrial uruguaya : 8. Problemas causados a la empresa industrial por el subdesarrollo dependiente - 9. Problemas de la empresa industrial derivados del comportamiento económico, técnico y social de la clase empresaria - 10. Problemática de la administración - IV. Reflexiones finales.
942 _cBK
590 _aniveau_biblio:m niveau_hierar:0
100 1 _aKliksberg, Bernardo
999 _c2270
_d2270